000 00328nam a2200133Ia 4500
008 190927s9999||||xx |||||||||||||| ||und||
082 _a242
_bJHA/M
100 _aJha, Ganga Nath
245 0 _cMimansanukramanika by Mandan Misra
250 _a1
260 _aVaranasi
_bPrithivi Prakashan
_c1986
300 _a530
942 _cBK
999 _c13396
_d13396